Associez par clic 20 hommes à la bonne proposition - Statistiques

Statistiques générales
  • Ce quiz a été pris 71 fois
  • Le résultat moyen est 5 sur 20
Statistiques - réponses
Hint Réponse % Correct
A réalisé la trilogie Le Seigneur des anneaux Peter Jackson
79%
A joué Morpheus au cinéma dans la saga Matrix Laurence Fishburne
61%
A remporté le Ballon d'Or France Football en 1996 Matthias Sammer
46%
A inscrit 36928 points lors de sa carrière en NBA Karl Malone
43%
A battu le record du monde du marathon en 2 h 0 min 35 s (8 octobre 2023 à Chicago) Kelvin Kiptum
40%
A joué l'avocat véreux Saul Goodman dans la série Breaking Bad puis Better Call Saul Bob Odenkirk
33%
A présenté le journal télévisé de TF1 Jean-Claude Narcy
33%
A vendu entre 30 et 35 millions d'exemplaires de son album The Gambler Kenny Rogers
31%
A été le 13e président des États-Unis d'Amérique de 1850 à 1853 Millard Fillmore
25%
A été le chanteur du groupe AC/DC de 1974 à sa mort en 1980 Bon Scott
24%
A eu 63 sélections en équipe de France de football Roger Marche
19%
A gagné deux fois le Concours de l'Eurovision de la chanson Johnny Logan
18%
A inventé Internet (principal inventeur du World Wide Web) Tim Berners-Lee
18%
A remporté la 12e saison de la Nouvelle Star en France Patrick Rouiller
13%
A (aurait) marché sur la Lune à l âge de 36 ans lors d'Apollo 16 (record du plus jeune) Charles Duke
12%
A reçu le prix Nobel de la paix en 1968 René Cassin
10%
A écrit un livre intitulé "200 Preuves Attestant Que La Terre N Est Pas Une Boule Qui Tourne" Eric Dubay
7%
A fait finaliste du tournoi du Grand Chelem de tennis de Wimbledon en 1996 (battu par Richard Krajicek) MaliVai Washington
7%
A inventé le téléphone portable Martin Cooper
6%
A signé en décembre 2023 un contrat de 10 ans et 700 millions de dollars avec les Dodgers de Los Angeles, ce qui constitue le plus grand contrat garanti de l'histoire du sport Shohei Ohtani
6%
Aucun quiz correspondant
Distribution des résultats
% des personnes avec chaque résultat
Percentile par nombre de réponses
Votre historique - résultats
Vous n’avez pas pris ce quiz